[Event "Irkutsk Baykal op"]
[Site "Irkutsk"]
[Date "2015.07.25"]
[Round "7"]
[White "Kyshtymov, Daniil"]
[Black "Galenpolsky, Mikhail"]
[Result "1-0"]
[WhiteElo "1834"]
[BlackElo "1734"]
[PlyCount "77"]
[EventDate "2015.07.18"]
[EventType "swiss"]
[EventRounds "9"]
[EventCountry "RUS"]
[SourceTitle "EXT 2016"]
[Source "ChessBase"]
[SourceDate "2015.10.08"]
[SourceVersion "1"]
[SourceVersionDate "2015.10.08"]
[SourceQuality "1"]

1. e4 e5 2. Nf3 Nf6 3. Nxe5 d6 4. Nf3 Nxe4 5. d4 d5 6. Bd3 Bg4 7. c4 Bb4+ 8. Bd2 Qe7 9. 0-0 Bxd2 10. Nbxd2 Nxd2 11. Qxd2 Bxf3 12. Rfe1 Be4 13. cxd5 f5 14. f3 0-0 15. fxe4 fxe4 16. Rxe4 Qd6 17. b3 Nd7 18. Re6 Qf4 19. Qxf4 Rxf4 20. Re7 Rd8 21. Bc4 Kf8 22. Rae1 Nb6 23. Rxc7 Rxd4 24. Ree7 Rd1+ 25. Kf2 Rd2+ 26. Kg3 Rxa2 27. Rf7+ Kg8 28. Rxg7+ Kh8 29. Rxh7+ Kg8 30. Rxb7 Rd6 31. Rhg7+ Kh8 32. Rxa7 Rc2 33. Rgc7 Rg6+ 34. Kf4 Rcxg2 35. Rab7 Rf2+ 36. Ke3 Rf8 37. Rc6 Re8+ 38. Kd4 Rg4+ 39. Kc5 1-0

[Event "Irkutsk Region-ch sf3"]
[Site "Irkutsk"]
[Date "2014.08.10"]
[Round "7"]
[White "Galenpolsky, Mikhail"]
[Black "Ergeshov, Timur"]
[Result "1/2-1/2"]
[WhiteElo "1734"]
[BlackElo "1975"]
[PlyCount "74"]
[EventDate "2014.08.04"]
[EventType "swiss"]
[EventRounds "9"]
[EventCountry "RUS"]
[SourceTitle "EXT 2016"]
[Source "ChessBase"]
[SourceDate "2015.10.08"]
[SourceVersion "1"]
[SourceVersionDate "2015.10.08"]
[SourceQuality "1"]

1. e4 c5 2. c3 d5 3. exd5 Qxd5 4. d4 Nc6 5. Nf3 Bg4 6. Be2 cxd4 7. cxd4 e6 8. 0-0 Nf6 9. Nc3 Qa5 10. Be3 Bb4 11. Qb3 0-0 12. Rfd1 Ne7 13. a3 Bxc3 14. bxc3 Ned5 15. Rac1 Nxe3 16. fxe3 Rac8 17. h3 Bh5 18. c4 Ne4 19. Qb4 Qc7 20. Qe1 Ng3 21. Bd3 Bxf3 22. gxf3 f5 23. Kg2 Rf6 24. f4 Rg6 25. Kh2 Qe7 26. Qf2 Qxa3 27. Ra1 Qb3 28. Rab1 Qa4 29. Ra1 Qc6 30. Rxa7 Ne4 31. Qf3 Qb6 32. Rda1 Nd2 33. Qxb7 Qxb7 34. Rxb7 h5 35. c5 Kh7 36. Be2 h4 37. Rg1 Ra8 1/2-1/2

[Event "Ulan-Ude Bajkal op 11th"]
[Site "Ulan-Ude"]
[Date "2014.07.26"]
[Round "4"]
[White "Tolmachev, Boris"]
[Black "Galenpolsky, Mikhail"]
[Result "0-1"]
[WhiteElo "2051"]
[BlackElo "1734"]
[PlyCount "106"]
[EventDate "2014.07.20"]
[EventType "swiss"]
[EventRounds "9"]
[EventCountry "RUS"]
[SourceTitle "EXT 2015"]
[Source "ChessBase"]
[SourceDate "2014.11.20"]
[SourceVersion "1"]
[SourceVersionDate "2014.11.20"]
[SourceQuality "1"]

1. d4 Nf6 2. Nf3 g6 3. g3 Bg7 4. Bg2 0-0 5. 0-0 d5 6. c4 Bf5 7. Nc3 c6 8. cxd5 Nxd5 9. Qb3 Nxc3 10. bxc3 Qb6 11. Ba3 Be6 12. Qxb6 axb6 13. Bxe7 Re8 14. Bd6 Bxa2 15. Rfb1 Nd7 16. Rb2 Bc4 17. Re1 Bd5 18. Nd2 Bxg2 19. Kxg2 Re6 20. Bf4 Bf8 21. c4 Ra4 22. Kf1 Bb4 23. Rc2 Re8 24. Rb1 Bxd2 25. Bxd2 Re4 26. e3 Re8 27. f3 f5 28. Kf2 Kf7 29. h3 h5 30. Rf1 Nf6 31. Rb1 Nd7 32. Bb4 c5 33. Bd2 Ra7 34. Rcb2 Ra4 35. Rc2 Ra7 36. Bc1 Re7 37. Rb3 Re8 38. Bb2 Rea8 39. Ke2 g5 40. e4 fxe4 41. fxe4 cxd4 42. Bxd4 Ra2 43. Rbb2 R2a3 44. Kf2 Rd3 45. Rd2 Rxd2+ 46. Rxd2 Ra4 47. Be3 Nf6 48. Rd4 Ra2+ 49. Kg1 Ra1+ 50. Kg2 Ra2+ 51. Kf1 g4 52. hxg4 Nxg4 53. Bf4 Nh2+ 0-1

[Event "Irkutsk-ch otbor"]
[Site "Irkutsk"]
[Date "2013.12.08"]
[Round "7"]
[White "Galenpolsky, Mikhail"]
[Black "Ergeshov, Timur"]
[Result "0-1"]
[WhiteElo "1728"]
[BlackElo "1882"]
[PlyCount "68"]
[EventDate "2013.11.17"]
[EventType "swiss"]
[EventRounds "9"]
[EventCountry "RUS"]
[SourceTitle "EXT 2016"]
[Source "ChessBase"]
[SourceDate "2015.10.08"]
[SourceVersion "1"]
[SourceVersionDate "2015.10.08"]
[SourceQuality "1"]

1. e4 c5 2. c3 d5 3. exd5 Qxd5 4. Nf3 Nc6 5. Na3 Bg4 6. Be2 e5 7. Nc2 Qd7 8. 0-0 Be7 9. Ne3 Bh5 10. Qa4 Nf6 11. d3 0-0 12. Qc2 Rac8 13. Rd1 b5 14. Nf1 Rfd8 15. Bg5 h6 16. Bxf6 Bxf6 17. Ng3 Bg6 18. Ne4 Be7 19. Rac1 Qe6 20. Qb1 f5 21. Ng3 e4 22. Ne1 Bg5 23. Rc2 c4 24. dxe4 fxe4 25. h3 e3 26. Bg4 exf2+ 27. Rxf2 Qxg4 28. Rxd8+ Bxd8 29. hxg4 Bxb1 30. Kh1 Bh4 31. Kh2 Re8 32. Nf3 Bxg3+ 33. Kxg3 Bxa2 34. Rd2 b4 0-1

[Event "Irkutsk-ch U20"]
[Site "Irkutsk"]
[Date "2013.09.22"]
[Round "2"]
[White "Bychkov, Vladimir"]
[Black "Galenpolsky, Mikhail"]
[Result "1-0"]
[WhiteElo "2000"]
[BlackElo "1739"]
[PlyCount "61"]
[EventDate "2013.09.21"]
[EventType "tourn"]
[EventRounds "7"]
[EventCountry "RUS"]
[SourceTitle "EXT 2016"]
[Source "ChessBase"]
[SourceDate "2015.10.08"]
[SourceVersion "1"]
[SourceVersionDate "2015.10.08"]
[SourceQuality "1"]

1. c4 e6 2. d4 d5 3. Nc3 Be7 4. Nf3 Nf6 5. cxd5 exd5 6. Bg5 Nbd7 7. e3 c6 8. Bd3 0-0 9. Qc2 Re8 10. 0-0 Nf8 11. Rab1 Ng6 12. b4 a6 13. a4 Ne4 14. Bxe7 Qxe7 15. Nd2 f5 16. Rfe1 Be6 17. Nf1 Qd7 18. Rec1 Ne7 19. Ne2 Kf7 20. Nd2 Qd6 21. Nf4 g5 22. Nxe6 Qxe6 23. Nf3 h6 24. Ne5+ Kg8 25. b5 axb5 26. axb5 c5 27. f3 cxd4 28. exd4 Qb6 29. Qb2 Nd6 30. Nd7 Qa7 31. Ra1 1-0

[Event "Abaza op"]
[Site "Abaza"]
[Date "2012.07.22"]
[Round "2"]
[White "Bugaev, AI."]
[Black "Galenpolsky, Mikhail"]
[Result "0-1"]
[WhiteElo "1939"]
[BlackElo "1731"]
[PlyCount "84"]
[EventDate "2012.07.21"]
[EventType "swiss"]
[EventRounds "9"]
[EventCountry "RUS"]
[SourceTitle "CBM 149 Extra"]
[Source "ChessBase"]
[SourceDate "2012.08.24"]
[SourceVersion "1"]
[SourceVersionDate "2012.08.24"]
[SourceQuality "1"]

1. d4 e6 2. Nc3 d5 3. Nf3 Nf6 4. Bg5 h6 5. Bf4 Bd6 6. Bg3 0-0 7. e3 b6 8. Bd3 c5 9. Nb5 Bxg3 10. hxg3 Ba6 11. Nc3 Bxd3 12. Qxd3 c4 13. Qd2 Nc6 14. Rh4 a6 15. Ke2 Ne7 16. Rah1 Ng6 17. R4h3 b5 18. Ne5 b4 19. Nd1 a5 20. f3 Qc7 21. Nxg6 fxg6 22. c3 Nh5 23. Kf2 Rab8 24. g4 Nf6 25. Ke2 e5 26. Nf2 g5 27. Rc1 exd4 28. Qxd4 Rbe8 29. Kf1 Qe5 30. Qxe5 Rxe5 31. Re1 Rfe8 32. Nd1 Nd7 33. g3 Nc5 34. Rh2 Nd3 35. Ree2 Nc1 36. Rc2 Nxa2 37. f4 gxf4 38. gxf4 Re4 39. Rh5 b3 40. Rd2 g5 41. Rxh6 gxf4 42. Rxd5 fxe3 0-1

[Event "Irkutsk-ch sf"]
[Site "Irkutsk"]
[Date "2012.01.29"]
[Round "6"]
[White "Galenpolsky, Mikhail"]
[Black "Ergeshov, Timur"]
[Result "1/2-1/2"]
[WhiteElo "1693"]
[BlackElo "1859"]
[PlyCount "67"]
[EventDate "2012.01.21"]
[EventType "swiss"]
[EventRounds "9"]
[EventCountry "RUS"]
[SourceTitle "CBM 146 Extra"]
[Source "ChessBase"]
[SourceDate "2012.02.29"]
[SourceVersion "1"]
[SourceVersionDate "2012.02.29"]
[SourceQuality "1"]

1. e4 e6 2. d4 d5 3. Nd2 Nf6 4. e5 Nfd7 5. f4 c5 6. c3 Nc6 7. Ndf3 Qa5 8. Be3 Be7 9. dxc5 f6 10. exf6 Bxf6 11. Nd4 Qxc5 12. Ngf3 0-0 13. Qd2 Qe7 14. Bd3 e5 15. Nf5 Qe6 16. fxe5 Ndxe5 17. Nxe5 Nxe5 18. 0-0 Nxd3 19. Qxd3 Bd7 20. Nd4 Qd6 21. Bf4 Qb6 22. Qd2 Rae8 23. Be3 Qa6 24. Rf3 Bxd4 25. Bxd4 Qd6 26. Rg3 Rf7 27. Rd1 Ref8 28. b4 Bb5 29. Kh1 Rf1+ 30. Bg1 Bc4 31. a3 R8f6 32. Rxf1 Rxf1 33. Qd4 Qf8 34. a4 1/2-1/2